000 00771nam a2200217Ii 4500
003 JO-AjNU
008 230605s9999||||xx |||||||||||||| ||und||
017 _a2002/4626
040 _aJO-AjNU
_bara
_erda
_cJO-AjNU
041 _aara
050 1 4 _aPK 2199 .I65 A51 2002
100 3 _aترجمة فرج، يوسف عبد الفتاح؛ مراجعة وتصدير محمد علاء الدين منصور,
_eauthor
_912960
245 0 0 _aمن مثنويات محمد إقبال
250 _aط1
264 3 1 _aالقاهرة: المجلس الاعلى للثقافة، 2002
300 _a120ص
336 _atext
_btxt
_2rdacontent
337 _aunmediated
_bn
_2rdamedia
338 _avolume
_bnc
_2rdacarrier
650 4 _aالشعر الاوردي - القرن 20
_912961
999 _aA3101
_c6669
_d6669